Statistics for Largest Municipalities of the Netherlands on a Map

Click here to take the quiz!

General Stats

  • This quiz has been taken 294 times
  • The average score is 17 of 32

Answers on the Map

Answers color-coded by a green-red scale on the quiz's map according to % correct below.
 

Answer Stats

Answer% Correct
Amsterdam
78%
Maastricht
75%
Groningen
74%
Leeuwarden
67%
Utrecht
67%
Rotterdam
65%
Almere
62%
Eindhoven
62%
Haarlem
62%
Enschede
60%
Venlo
58%
Den Haag
57%
Nijmegen
56%
Alkmaar
55%
Breda
55%
Tilburg
54%
Zwolle
54%
's-Hertogenbosch
53%
Amersfoort
51%
Emmen
51%
Apeldoorn
49%
Arnhem
49%
Dordrecht
48%
Haarlemmermeer
47%
Leiden
46%
Delft
42%
Deventer
42%
Ede
40%
Zaanstad
40%
Alphen aan den Rijn
38%
Westland
37%
Zoetermeer
30%

Score Distribution

Percentile by Number Answered

Percent of People with Each Score

Your Score History

You have not taken this quiz